সংস্কৃতির সংকট / (Record no. 56732)
[ view plain ]
| 000 -LEADER | |
|---|---|
| fixed length control field | 00924nam a2200241 a 4500 |
| 001 - CONTROL NUMBER | |
| control field | 56732 |
| 003 - CONTROL NUMBER IDENTIFIER | |
| rucl marc code | BD-RjUL |
| 005 - DATE AND TIME OF LATEST TRANSACTION | |
| control field | 20211209080428.0 |
| 008 - FIXED-LENGTH DATA ELEMENTS--GENERAL INFORMATION | |
| fixed length control field | 161203s2009 bg ||||| |||| 00| 0 ben d |
| 020 ## - INTERNATIONAL STANDARD BOOK NUMBER | |
| International Standard Book Number | 9789843307927 |
| Terms of availability | : TK 200.00 |
| 035 ## - SYSTEM CONTROL NUMBER | |
| System control number | (BD-RjUL)56856 |
| 040 ## - CATALOGING SOURCE | |
| Original cataloging agency | BD-RjUL |
| Language of cataloging | ben |
| Transcribing agency | BD-RjUL |
| 041 ## - LANGUAGE CODE | |
| Language code of text/sound track or separate title | ben |
| 082 ## - DEWEY DECIMAL CLASSIFICATION NUMBER | |
| Edition number | 23 |
| Classification number | 257.57 |
| Author mark and year | HAS 2009 |
| 100 ## - MAIN ENTRY--PERSONAL NAME | |
| Personal name | হালিম, শাহ আবদুল |
| 9 (RLIN) | 168707 |
| 245 10 - TITLE STATEMENT | |
| Title | সংস্কৃতির সংকট / |
| Statement of responsibility, etc. | শাহ আবদুল হালিম |
| 260 ## - PUBLICATION, DISTRIBUTION, ETC. (IMPRINT) | |
| Place of publication, distribution, etc. | ঢাকা : |
| Name of publisher, distributor, etc. | ইসলামিক ইনফরমেশন, |
| Date of publication, distribution, etc. | ২০০৯ |
| 300 ## - PHYSICAL DESCRIPTION | |
| Pagination | ৫৪ পৃ. ; |
| Size | ২১ সেমি . |
| 650 ## - SUBJECT ADDED ENTRY--TOPICAL TERM | |
| Topical term or geographic name as entry element | Religious experience |
| 9 (RLIN) | 168708 |
| Topical term or geographic name as entry element | ধর্মীয় অভিজ্ঞতা |
| 9 (RLIN) | 168709 |
| 700 ## - ADDED ENTRY--PERSONAL NAME | |
| Personal name | হোসাইন, মুহাম্মদ বাকের, অনুবাদ |
| 942 ## - ADDED ENTRY ELEMENTS (KOHA) | |
| Source of classification or shelving scheme | Dewey Decimal Classification |
| Koha item type | Books |
| Lost status | Source of classification or shelving scheme | Damaged status | Not for loan | Collection code | Permanent Location | Current Location | Shelving location | Date acquired | Source of acquisition | Cost, normal purchase price | Total Checkouts | Full call number | Date last seen | Copy number | Koha item type |
|---|---|---|---|---|---|---|---|---|---|---|---|---|---|---|---|
| Dewey Decimal Classification | Not For Loan | Non-fiction | Central Library, University of Rajshahi | Central Library, University of Rajshahi | Reading Room | 22/03/2010 | Rajshahi Heritage, Rajshahi | 200.00 | B 297.57 HAS 2009 | 03/12/2016 | C-1 | Books | |||
| Dewey Decimal Classification | Non-fiction | Central Library, University of Rajshahi | Central Library, University of Rajshahi | 22/03/2010 | Tarak Fajal, Rajshahi | 200.00 | B 297.57 HAS 2009 | 10/12/2016 | C-2 | Books |